00542nam a2200181 a 45000010010000000030011000100080041000210350026000620820014000881000026001022450038001282600039001666500018002059420012002239520090002359980020003259990015003450000-8690ELIB.Books110520 1999  a(ELIB.Books)0000-8836 a225 bJoh aJohnson, Luke Timothy aThe Writings of the New Testament bMinneapolis: Fortress Press c1999 aNew Testament 2ddccBK 00102ddc4070aKBTSbKBTSd2011-05-20l0p8838r2022-01-22 00:00:00w2022-01-22yBK cbate2011-05-20 c8690d8690